000 01390cam a22002054a 4500
005 20250605164105.0
008 250528s ||||||||||||||||||||||||d
035 _a17723
020 _a9781444167207
040 _aGR-AtMCL
_bgre
_dGR-AtMCL
_eAACR2
245 1 _aReflective Practice and Early Years Professionalism / Second Edition
250 _a2nd
260 _bHodder Education,
_c2015
300 _a202
520 _aThis book provides you with detailed support for developing reflective practice in early years. Acknowledgements, Reflective Practice - What Does it Mean?, Best Professional Practice, Becoming a Reflecting Practitioner, Pedagogy and Reflective Practice, Theoretical Perspectives on Reflective Practice, Reflection as Part of Professionalism, Professional Practice as a Learning Journey, Critical Thinking, Developing as a Reflective Practitioner, A Personal Learning Journey, The Process of Learning, Learning with and From Other People, Continuing Professional Development, Learning from Different Sources, Sharing Best Practice, Working Together in Reflective, The Context of Support, Skills for Effective Communication, Direct Support for Colleagues, The Process of Managing Change, Managing Change, Self-Evaluation within the Team, Using Further Resources, Index.
700 1 _aLindon Jennie
_92890
942 _cBK
999 _c3124
_d3124